| 000 | 00656nam a2200205 i 4500 | ||
|---|---|---|---|
| 001 | 75597 | ||
| 003 | ES-MaACL | ||
| 005 | 20230906172522.0 | ||
| 007 | t| | ||
| 008 | 040927s1958 sp ||||1| spa d | ||
| 100 | 1 |
_aGroussard, Serge. _960210 |
|
| 245 | 1 | 3 |
_aUn hombre en la noche _b: novela / _cSerge Groussard ; [traducción directa del francés por Luis de los Arcos]. |
| 260 |
_aBarcelona : _bAHR, _c[1958] ( _fAmpurias) |
||
| 300 |
_a139 p. ; _c18 cm. |
||
| 490 | 1 | _aEl Espíritu del mundo | |
| 700 | 1 |
_aArcos, Luis de los. _922518 |
|
| 830 | 0 |
_aEl Espíritu del mundo _9183498 |
|
| 852 |
_aES-MaACL _jC-14456 _bR.42316 |
||
| 999 |
_c75597 _d75597 |
||